Elektronika

Na minha lista:
Detalhes bibliográficos
Formato: Periódico
Publicado em: 1991
Tags: Adicionar Tag
Sem tags, seja o primeiro a adicionar uma tag!

MARC

LEADER 00000nas a22000003a 4500
001 stu67409
005 20141121235629.7
008 011106s1991----------------------------d
040 |a STU  |b slo 
041 0
245 |a Elektronika 
260 |c 1991 
500 |a 12 
500 |a 1991 
500 |a 2-12 /CH: 1 
773 0 |t Elektronika :  |w stu_us_cat*stu58856  |x 0862-4607  |7 nnas 
996 |d Roč. 1991, 1991  |v Roč. 1991  |y 1991  |l II680  |s A  |a 24  |w stu67409_0007